| 000 | 00973nam a22003017a 4500 | ||
|---|---|---|---|
| 001 | BR0906254 | ||
| 003 | BR-BrBNA | ||
| 005 | 20230928103115.0 | ||
| 007 | ta | ||
| 008 | 230509b bl.||||| |||| 00| 0 por d | ||
| 040 |
_aBR-BrBNA _bpor _cBiblioteca Nacional de Agricultura |
||
| 041 | _a(Por) | ||
| 072 |
_aF30 _b1940 _b1930 |
||
| 090 | _ 1940 BR0906254 | ||
| 100 | 1 | _aBustamante, F. de O. | |
| 110 | 1 |
_aUniversidade Federal de Lavras, MG (Brasil) _0Tese (Mestrado) |
|
| 245 | 1 | _aVariações cromossômicas associadas à poliploidização em híbridos de Pennisetum spp.: um estudo temporal e tecido específico | |
| 260 | 3 |
_aLavras, MG (Brasil): _c2009. |
|
| 300 | _a53 p. | ||
| 500 | _aSummaries (Eng, Por); Several bibliography; 5 tables; 7 illus. | ||
| 650 | _aPENNISETUM SPP | ||
| 650 | _aMILHETO | ||
| 650 | _aHÍBRIDO | ||
| 650 | _aCAPIM ELEFANTE | ||
| 650 | _aMELHORAMENTO GENÉTICO VEGETAL | ||
| 909 |
_a202309 _bLucia _c55 _dLucia Elande |
||
| 942 | _cBK | ||
| 999 |
_c73751 _d73751 |
||